02439nam a22003617a 4500999001700000003000900017008004100026040007100067082002300138110004200161245008800203260005300291300003300344440012900377505102200506650003301528650003101561650002601592650002601618700002601644700003401670700002701704700003501731700003801766700003401804700002501838700003201863700002701895700003501922942001201957945000801969952010001977 c21831d21831AR-CdUCM190425b ||||| |||| 00| 0 spa d aMUNICIPALIDAD PROVINCIAL DEL CUSCOcBIBLIOTECA MUNICIPAL DEL CUSCO aRev.Andi/N°4/1984 aCentro Bartolomé de Las Casas93293 aRevista andina /cCentro de estudios rurales andinos Bartolomé de Las Casas Cusco aCusco :bCentro Bartolomé de Las Casas,c1984. a363-660 páginas. :c23 cm. aPublicación Semestral del Centro Bartolomé de Las Casas Cusco.nAño 2, Número 4, N°2, Segundo semestre 1984.946310 aContenido: El comercio lejano y la difusión del quechua el caso de Ecuador. Alfredo Torero. -- Las cargas del Sacramento. Alberto Flores Galindo. Magdalena Chocano. -- Desigualdad, derechos de propiedad y migración en las comunidades andinas un estudio de caso de siete comunidades campesinas de la sierra sur. Daniel Cotlear. -- La fundación progresiva de un convento hospital en Parinacochas, diócesis del Cusco (1567-1586) apuntes de lectura e hipótesis de estudio. Juan Bautista Lassegue. -- Llamas y mulas, trueque y venta el testimonio de un arriero puneño. María Susana Cipolletti. -- El ciclo mítico andino de la Piedra Cansada. Maarten Van de Guchte. -- Los atributos del hogar economía doméstica y la encomienda en el Perú colonial. Enrique Mayer. -- Los Quirua de los valles paceños una tentativa de identificación en la época prehispánica. Carmen Beatriz Loza. -- La Chupa rito ganadero andino. Ulpiano Quispe. -- Chucuito en 1782. Una descripción. Manuel Miño Grijalva. aComunidades campesinas92214 aEconomía campesina92215 aCultura andina946295 aIdioma Quechua927790 aTorero, Alfredo92062 aFlores Galindo, Alberto92837 aCotlear, Daniel946311 aLassegue, Juan Bautista946192 aCipolletti, María Susana946299 aVan de Guchte, Maarten946312 aMayer, Enrique94404 aLoza, Carmen Beatriz946313 aQuispe, Ulpiano946314 aMiño Grijalva, Manuel946315 2ddccPP arac 002ddc4070aHEMbHEMcCARTd2021-08-20g10.00oRev.Andi/N°4/1984pREVC000304r2021-08-20yPP